|
|
|
|
| LEADER |
00982nam a2200241 a 4500 |
| 001 |
011931634 |
| 008 |
090719r19821962enk 001 0 eng d |
| 020 |
|
|
|a 0140585451
|
| 040 |
|
|
|a Uk
|c Uk
|
| 082 |
0 |
4 |
|a 821/.912/08
|2 19
|
| 245 |
0 |
0 |
|a English poetry 1918-60 /
|c selected with an introduction and notes by Kenneth Allott.
|
| 260 |
|
|
|a Harmondsworth :
|b Penguin,
|c 1962
|g (1982 [printing])
|
| 300 |
|
|
|a 412p. ;
|c 19cm.
|
| 490 |
1 |
|
|a The Penguin poets
|
| 500 |
|
|
|a Previous ed.: published as The Penguin book of contemporary verse. 1950.
|
| 504 |
|
|
|a Includes index.
|
| 541 |
1 |
|
|e 00016568
|
| 650 |
0 |
|
|a English poetry
|y 20th century.
|
| 653 |
|
|
|a Poetry in English
|a 1900-
|a Anthologies
|
| 700 |
1 |
|
|a Allott, Kenneth.
|
| 852 |
4 |
|
|a Ayesha Abed Library
|j General Shelf.
|
| 999 |
|
|
|c 2681
|d 2681
|
| 952 |
|
|
|0 0
|1 0
|2 ddc
|4 0
|6 821_912080000000000_ALL_1982
|7 0
|9 2463
|a BRACUL
|b BRACUL
|c GEN
|d 2009-07-22
|g 1090.00
|l 4
|m 32
|o 821.91208 ALL
|p 3010016568
|r 2019-10-31
|s 2019-07-21
|t 1
|w 2009-07-22
|y BK
|